000 02445cam a22005534i 4500
003 PE-LiUPU
005 20250731165634.0
008 150616s r 000 0 d
020 _a0943575184
035 _a(Sirsi) i9780943575186
040 _aPE-LiUPU
_bspa
_cPE-LiUPU
_erda
049 _aPRUA
082 0 4 _b1
_221
100 1 _aMounce, Robert H.,
_eautor.
245 1 0 _aMatthew.
_n1.
264 1 _aMassachusetts :
_bHendrickson Publishers,
_c1991.
300 _a288 páginas ;
_c21 centímetros
336 _atext
_2rdacontent
337 _aunmediated
_2rdamedia
338 _avolume
_2rdacarrier
490 0 _aNew International Biblical Commentary Series ;
_v1
504 _aIncluye bibliografía.
505 0 _aThe birthd of Jesus -- Galilean ministry begins -- Sermon on the Mount -- Divorce and Riches -- Parables -- Feeding of the Five Thousand -- The triumphal Entry -- The Great commandment -- A mission of the twelve -- The final evening -- The resurrecion.
526 _aSEG44
526 _aSEG26
526 _aP151
526 _aP150
526 _aP149
526 _aP146
526 _aP145
526 _aP126
526 _aP125
526 _aP92
526 _aP75
526 _aP74
526 _aP27
526 _aP15
630 _aBiblia.
_pN.T.
_pMateo
_xComentarios.
910 _ajck
_bjvq
_cjck
942 _2ddc
_cBOOK
949 _aRC 225.077 NI 1
_wDEWEY
_c1
_i40017
_d2015-11-16
_lCCODEBUL1
_mBUL
_q5
_r0
_sY
_tBOOK
_u2015-4-23
_xTEOLOGIA
_zUNKNOWN
_0COMPRA
_o.CIRCNOTE. No olvidar cambiar la fecha de devolución!!!!!!!
_o.STAFF. Colección General
949 _aRC 225.077 NI 1
_wDEWEY
_c2
_i47246
_lCCODEBUL1
_mBUL
_r0
_sY
_tBOOK
_u2015-6-16
_xTEOLOGIA
_zUNKNOWN
_0COMPRA
_o.CIRCNOTE. No olvidar cambiar la fecha de devolución!!!!!!!
_o.STAFF. Colección General
994 _aC0
_bPEPRU
596 _a1
999 _aRC 225.077 NI 1
_wDEWEY
_c57797
_i40017
_d57797
_f2021-11-8
_g6
_lCCODEBUL1
_mBUL
_q6
_r1
_sY
_tBOOK
_u2015-4-23
_xTEOLOGIA
_zUNKNOWN
_0COMPRA
_o.CIRCNOTE. No olvidar cambiar la fecha de devolución!!!!!!!
_o.STAFF. Colección General
999 _aRC 225.077 NI 1
_wDEWEY
_c2
_i47246
_d2018-7-19
_f2021-11-8
_g5
_lCCODEBUL1
_mBUL
_q1
_r1
_sY
_tBOOK
_u2015-6-16
_xTEOLOGIA
_zUNKNOWN
_0COMPRA
_o.CIRCNOTE. No olvidar cambiar la fecha de devolución!!!!!!!
_o.STAFF. Colección General
980 _81
_gALBERTO SANCHEZ Responsable de Automatización